000 00455nam a2200181Ia 4500
001 4905
005 20260306145829.0
008 260306t2005||||xx |||||||||||||| ||spa||
041 _aESP
082 _a331.12
_bC512
100 _aChacaltana, Juan (ed.)
_eAUT
245 0 _aCambios globales y el mercado laboral peruano texto impreso
260 _c2005
300 _a233 páginas :
_ccm.
650 _aGEN
654 _aCAN
942 _cLIB
_dJUS
_fJUS
_2ddc
_n
999 _c4905
_d4905